| 000 | 00591nam a2200205Ia 4500 | ||
|---|---|---|---|
| 005 | 20250326142612.0 | ||
| 008 | 250326s9999 xx 000 0 und d | ||
| 020 | _a81-7041-669-8 | ||
| 037 | _aTextbook | ||
| 040 |
_aFMSL _beng _cFMSL |
||
| 041 |
_aeng _2eng |
||
| 084 |
_aX.1 N2.9 _qFMSL |
||
| 100 | _aNagpal CS | ||
| 245 | 0 |
_aPerspectives in International Economics of third world countries _cNagpal Cs; Mittal Ac |
|
| 260 |
_aNew Delhi _bNew Delhi, Anmol Publication _c1992 |
||
| 300 | _a580p | ||
| 490 | _vVol.9 | ||
| 942 |
_cTB _hX.1 N2.9 |
||
| 999 |
_c1295780 _d1295780 |
||